Ancient Languages - Statistics

General Stats
  • This quiz has been taken 286 times
  • The average score is 5 of 12
Answer Stats
Hint Answer % Correct
Was used in Roman Empire. Spoken in the Vatican and is learnt at some schools Latin
97%
Used in Ancient India. Belongs to Indo-Aryan group Sanskrit
70%
Language that the Vikings use. Some Nordic languages still have roots to it Old Norse
59%
Language spoken by Iron Age people in Italy Etruscan
51%
Spoken in Medieval England and has now been evolved into the language we speak today Middle English
43%
Spoken by the people in Ancient Egypt. Now Extinct Ancient Egyptian
38%
Spoken in the Xia,Shang,Zhou and Qin Dynasties. Has now been evolved into the language we know today. Old Chinese
36%
Language spoken in Ancient Japan. It has evolved into another version we use today Old Japanese
34%
Lives in the area like the above but are Indo-Europeans. Language is extinct like the above Tocharian
22%
Language used in one of the Mongol Khanates in Central Asia. Chagatai
10%
Is used by the Iranian people living in the Tarim Basin in Xinjiang,China Sogdian
8%
One of the oldest Celtic languages. It is now extinct Lepontic
6%
No matching quizzes found
Score Distribution
Percent of People with Each Score
Percentile by Number Answered
Your Score History
You have not taken this quiz